000 00521nam a2200193Ia 4500
003 OSt
005 20250122160939.0
008 210716s2001 xx 000 0 und d
020 _a0373243790
040 _cAIMIT LIBRARY
041 _aeng
082 _a808.83
_21
_bROBN
100 _aRoberts, Nora.
_9194653
245 _aConsidering kate /
_cBy Nora Roberts.
250 _a1st ed.
260 _aNew York :
_bSilhouette books ;
_c2001.
300 _a249p. ;
_b16 cm.
_c16 cm.
942 _2ddc
_cBK
_e1st ed.
_k808.83 ROBN
999 _c200379
_d200379